[Event "Irena Warakomska Memorial B"]
[Site "chessmanager.com"]
[Date "2018.08.01"]
[Round "1"]
[White "Rokita, Miroslaw"]
[Black "Litner, Igor"]
[Result "0-1"]
[Board "19"]
[WhiteElo "1691"]
[WhiteCountry "POL"]
[WhiteFideId "1180207"]
[WhiteEloChange "-4"]
[BlackElo "1929"]
[BlackCountry "POL"]
[BlackFideId "1163078"]
[BlackEloChange "4"]

1. d4 {[%clk 1:30:30]} f5 {[%clk 1:30:30]} 2. Nf3 {[%clk 1:30:30]} Nf6 {[%clk
1:30:30]} 3. c4 {[%clk 1:30:30]} e6 {[%clk 1:30:30]} 4. Nc3 {[%clk 1:30:30]} Bb4
{[%clk 1:30:30]} 5. a3 {[%clk 1:30:30]} Bxc3+ {[%clk 1:30:30]} 6. bxc3 {[%clk
1:30:30]} O-O {[%clk 1:30:30]} 7. d5 {[%clk 1:30:30]} d6 {[%clk 1:30:30]} 8. e3
{[%clk 1:30:30]} e5 {[%clk 1:30:30]} 9. Be2 {[%clk 1:30:30]} Nbd7 {[%clk
1:30:30]} 10. O-O {[%clk 1:30:30]} Nc5 {[%clk 1:30:30]} 11. a4 {[%clk 1:30:30]}
a5 {[%clk 1:30:30]} 12. Ba3 {[%clk 1:30:30]} Nfe4 {[%clk 1:30:30]} 13. Qc2 {[%clk
1:30:30]} Bd7 {[%clk 1:30:30]} 14. Bxc5 {[%clk 1:30:30]} Nxc5 {[%clk 1:30:30]}
15. Bd1 {[%clk 1:30:30]} b6 {[%clk 1:30:30]} 16. Ne1 {[%clk 1:30:30]} Qh4 {[%clk
1:30:30]} 17. Be2 {[%clk 1:30:30]} Rae8 {[%clk 1:30:30]} 18. Nd3 {[%clk 1:30:30]}
Rf6 {[%clk 1:30:30]} 19. g3 {[%clk 1:30:30]} Qh3 {[%clk 1:30:30]} 20. f4 {[%clk
1:30:30]} Rh6 {[%clk 1:30:30]} 21. Rf2 {[%clk 1:30:30]} Ne4 {[%clk 1:30:30]} 22.
Bf1 {[%clk 1:30:30]} Qh5 {[%clk 1:30:30]} 23. Be2 {[%clk 1:30:30]} Qf7 {[%clk
1:30:30]} 24. Rg2 {[%clk 1:30:30]} exf4 {[%clk 1:30:30]} 25. exf4 {[%clk
1:30:30]} Re7 {[%clk 1:30:30]} 26. Bf3 {[%clk 1:30:30]} Qe8 {[%clk 1:30:30]} 27.
Re2 {[%clk 1:30:30]} Rf6 {[%clk 1:30:30]} 28. Bxe4 {[%clk 1:30:30]} Rxe4 {[%clk
1:30:30]} 29. Rxe4 {[%clk 1:30:30]} Qxe4 {[%clk 1:30:30]} 30. Ne1 {[%clk
1:30:30]} Qxc4 {[%clk 1:30:30]} 31. Qd3 {[%clk 1:30:30]} Qc5+ {[%clk 1:30:30]}
32. Qd4 {[%clk 1:30:30]} Rf7 {[%clk 1:30:30]} 33. Kf2 {[%clk 1:30:30]} Re7 {[%clk
1:30:30]} 34. Nc2 {[%clk 1:30:30]} Re4 {[%clk 1:30:30]} 35. Qxc5 {[%clk 1:30:30]}
dxc5 {[%clk 1:30:30]} 36. Ne3 {[%clk 1:30:30]} Rxa4 {[%clk 1:30:30]} 37. Rxa4
{[%clk 1:30:30]} Bxa4 {[%clk 1:30:30]} 38. Nxf5 {[%clk 1:30:30]} Bc2 {[%clk
1:30:30]} 39. Ne3 {[%clk 1:30:30]} Bb3 {[%clk 1:30:30]} 40. Ke2 {[%clk 1:30:30]}
a4 {[%clk 1:30:30]} 41. Kd2 {[%clk 1:30:30]} a3 {[%clk 1:30:30]} 42. Kc1 {[%clk
1:30:30]} b5 {[%clk 1:30:30]} 43. g4 {[%clk 1:30:30]} Kf7 {[%clk 1:30:30]} 44. g5
{[%clk 1:30:30]} b4 {[%clk 1:30:30]} 45. cxb4 {[%clk 1:30:30]} cxb4 {[%clk
1:30:30]} 46. Kb1 {[%clk 1:30:30]} g6 {[%clk 1:30:30]} 47. h4 {[%clk 1:30:30]}
Ke8 {[%clk 1:30:30]} 48. f5 {[%clk 1:30:30]} gxf5 {[%clk 1:30:30]} 49. h5 {[%clk
1:30:30]} Kf7 {[%clk 1:30:30]} 50. Nxf5 {[%clk 1:30:30]} Bxd5 {[%clk 1:30:30]}
51. g6+ {[%clk 1:30:30]} hxg6 {[%clk 1:30:30]} 52. hxg6+ {[%clk 1:30:30]} Kf6
{[%clk 1:30:30]} 53. Ne3 {[%clk 1:30:30]} Be4+ {[%clk 1:30:30]} 54. Ka1 {[%clk
1:30:30]} b3 {[%clk 1:30:30]} 55. g7 {[%clk 1:30:30]} b2+ {[%clk 1:30:30]} 56.
Ka2 {[%clk 1:30:30]} b1Q+ {[%clk 1:30:30]} 57. Kxa3 {[%clk 1:30:30]} Kxg7 {[%clk
1:30:30]} 58. Nc2 {[%clk 1:30:30]} Qxc2 {[%clk 1:30:30]} 0-1

[Event "Irena Warakomska Memorial B"]
[Site "chessmanager.com"]
[Date "2018.08.01"]
[Round "1"]
[White "Czarniecka, Aleksandra"]
[Black "Blasiak, Miroslaw"]
[Result "1/2-1/2"]
[Board "20"]
[WhiteElo "1983"]
[WhiteCountry "POL"]
[WhiteFideId "1194933"]
[WhiteEloChange "-7"]
[BlackElo "1683"]
[BlackCountry "POL"]
[BlackFideId "1109324"]
[BlackEloChange "7"]

1. e4 {[%clk 1:30:30]} e5 {[%clk 1:30:30]} 2. Nf3 {[%clk 1:30:30]} Nc6 {[%clk
1:30:30]} 3. d4 {[%clk 1:30:30]} exd4 {[%clk 1:30:30]} 4. Nxd4 {[%clk 1:30:30]}
Nf6 {[%clk 1:30:30]} 5. Nxc6 {[%clk 1:30:30]} bxc6 {[%clk 1:30:30]} 6. e5 {[%clk
1:30:30]} Qe7 {[%clk 1:30:30]} 7. Qe2 {[%clk 1:30:30]} Nd5 {[%clk 1:30:30]} 8. c4
{[%clk 1:30:30]} Ba6 {[%clk 1:30:30]} 9. b3 {[%clk 1:30:30]} g6 {[%clk 1:30:30]}
10. g3 {[%clk 1:30:30]} Bg7 {[%clk 1:30:30]} 11. Bb2 {[%clk 1:30:30]} O-O {[%clk
1:30:30]} 12. Bg2 {[%clk 1:30:30]} Rae8 {[%clk 1:30:30]} 13. O-O {[%clk 1:30:30]}
Nb6 {[%clk 1:30:30]} 14. Re1 {[%clk 1:30:30]} f6 {[%clk 1:30:30]} 15. e6 {[%clk
1:30:30]} Qxe6 {[%clk 1:30:30]} 16. Qxe6+ {[%clk 1:30:30]} Rxe6 {[%clk 1:30:30]}
17. Rxe6 {[%clk 1:30:30]} dxe6 {[%clk 1:30:30]} 18. Nc3 {[%clk 1:30:30]} Rd8
{[%clk 1:30:30]} 19. Ne4 {[%clk 1:30:30]} Kf7 {[%clk 1:30:30]} 20. Nc5 {[%clk
1:30:30]} Bc8 {[%clk 1:30:30]} 21. Bxc6 {[%clk 1:30:30]} Bf8 {[%clk 1:30:30]} 22.
Ne4 {[%clk 1:30:30]} Be7 {[%clk 1:30:30]} 23. h4 {[%clk 1:30:30]} h6 {[%clk
1:30:30]} 24. Nc3 {[%clk 1:30:30]} Bc5 {[%clk 1:30:30]} 25. Rd1 {[%clk 1:30:30]}
Rxd1+ {[%clk 1:30:30]} 26. Nxd1 {[%clk 1:30:30]} Bd7 {[%clk 1:30:30]} 27. Bf3
{[%clk 1:30:30]} Nc8 {[%clk 1:30:30]} 28. Bc3 {[%clk 1:30:30]} e5 {[%clk
1:30:30]} 29. Ne3 {[%clk 1:30:30]} c6 {[%clk 1:30:30]} 30. Nc2 {[%clk 1:30:30]}
Bf5 {[%clk 1:30:30]} 31. Nb4 {[%clk 1:30:30]} e4 {[%clk 1:30:30]} 32. Be2 {[%clk
1:30:30]} Ne7 {[%clk 1:30:30]} 33. g4 {[%clk 1:30:30]} Bc8 {[%clk 1:30:30]} 34.
Nc2 {[%clk 1:30:30]} f5 {[%clk 1:30:30]} 35. b4 {[%clk 1:30:30]} Bb6 {[%clk
1:30:30]} 36. c5 {[%clk 1:30:30]} Bc7 {[%clk 1:30:30]} 37. a4 {[%clk 1:30:30]}
fxg4 {[%clk 1:30:30]} 38. b5 {[%clk 1:30:30]} Nd5 {[%clk 1:30:30]} 39. Bc4 {[%clk
1:30:30]} Be6 {[%clk 1:30:30]} 40. Nd4 {[%clk 1:30:30]} cxb5 {[%clk 1:30:30]} 41.
axb5 {[%clk 1:30:30]} g3 {[%clk 1:30:30]} 42. Bd2 {[%clk 1:30:30]} h5 {[%clk
1:30:30]} 43. Nc6 {[%clk 1:30:30]} gxf2+ {[%clk 1:30:30]} 44. Kxf2 {[%clk
1:30:30]} e3+ {[%clk 1:30:30]} 45. Bxe3 {[%clk 1:30:30]} Nxe3 {[%clk 1:30:30]}
46. Bxe6+ {[%clk 1:30:30]} Kxe6 {[%clk 1:30:30]} 47. Kxe3 {[%clk 1:30:30]} Kd5
{[%clk 1:30:30]} 48. Nxa7 {[%clk 1:30:30]} Kxc5 {[%clk 1:30:30]} 49. Nc6 {[%clk
1:30:30]} Bg3 {[%clk 1:30:30]} 50. Ne7 {[%clk 1:30:30]} Bxh4 {[%clk 1:30:30]} 51.
Nxg6 {[%clk 1:30:30]} Bg5+ {[%clk 1:30:30]} 52. Kf3 {[%clk 1:30:30]} 1/2-1/2

[Event "Irena Warakomska Memorial B"]
[Site "chessmanager.com"]
[Date "2018.08.01"]
[Round "1"]
[White "Shamatava, Nikolozi"]
[Black "Bien, Janusz"]
[Result "1-0"]
[Board "21"]
[WhiteElo "1589"]
[WhiteCountry "GEO"]
[WhiteFideId "13619950"]
[WhiteEloChange "18"]
[BlackElo "1976"]
[BlackCountry "POL"]
[BlackFideId "1137921"]
[BlackEloChange "-18"]

1. d4 {[%clk 1:30:30]} Nf6 {[%clk 1:30:30]} 2. Nf3 {[%clk 1:30:30]} e6 {[%clk
1:30:30]} 3. g3 {[%clk 1:30:30]} d5 {[%clk 1:30:30]} 4. Bg2 {[%clk 1:30:30]} Nbd7
{[%clk 1:30:30]} 5. O-O {[%clk 1:30:30]} Be7 {[%clk 1:30:30]} 6. b3 {[%clk
1:30:30]} O-O {[%clk 1:30:30]} 7. Bb2 {[%clk 1:30:30]} b6 {[%clk 1:30:30]} 8. c4
{[%clk 1:30:30]} Bb7 {[%clk 1:30:30]} 9. Nbd2 {[%clk 1:30:30]} Rc8 {[%clk
1:30:30]} 10. Rc1 {[%clk 1:30:30]} dxc4 {[%clk 1:30:30]} 11. Nxc4 {[%clk
1:30:30]} Be4 {[%clk 1:30:30]} 12. Nce5 {[%clk 1:30:30]} Nxe5 {[%clk 1:30:30]}
13. Nxe5 {[%clk 1:30:30]} Bxg2 {[%clk 1:30:30]} 14. Kxg2 {[%clk 1:30:30]} Qd5+
{[%clk 1:30:30]} 15. f3 {[%clk 1:30:30]} Qb7 {[%clk 1:30:30]} 16. Nc6 {[%clk
1:30:30]} Rfe8 {[%clk 1:30:30]} 17. e4 {[%clk 1:30:30]} Nd7 {[%clk 1:30:30]} 18.
d5 {[%clk 1:30:30]} Nf8 {[%clk 1:30:30]} 19. Qd4 {[%clk 1:30:30]} f6 {[%clk
1:30:30]} 20. dxe6 {[%clk 1:30:30]} Qa6 {[%clk 1:30:30]} 21. Rc2 {[%clk 1:30:30]}
Bc5 {[%clk 1:30:30]} 22. Qd5 {[%clk 1:30:30]} Nxe6 {[%clk 1:30:30]} 23. e5 {[%clk
1:30:30]} fxe5 {[%clk 1:30:30]} 24. Re1 {[%clk 1:30:30]} Kh8 {[%clk 1:30:30]} 25.
Nxe5 {[%clk 1:30:30]} c6 {[%clk 1:30:30]} 26. Qe4 {[%clk 1:30:30]} Qb7 {[%clk
1:30:30]} 27. Rd2 {[%clk 1:30:30]} Bf8 {[%clk 1:30:30]} 28. Rd7 {[%clk 1:30:30]}
Rc7 {[%clk 1:30:30]} 29. Rxc7 {[%clk 1:30:30]} Qxc7 {[%clk 1:30:30]} 30. Rd1
{[%clk 1:30:30]} Rd8 {[%clk 1:30:30]} 31. Rxd8 {[%clk 1:30:30]} Nxd8 {[%clk
1:30:30]} 32. Qf4 {[%clk 1:30:30]} Qe7 {[%clk 1:30:30]} 33. Qd4 {[%clk 1:30:30]}
Qd6 {[%clk 1:30:30]} 34. Qf4 {[%clk 1:30:30]} Kg8 {[%clk 1:30:30]} 35. Qc4+
{[%clk 1:30:30]} Kh8 {[%clk 1:30:30]} 36. Nf7+ {[%clk 1:30:30]} Nxf7 {[%clk
1:30:30]} 37. Qxf7 {[%clk 1:30:30]} a5 {[%clk 1:30:30]} 38. Kh3 {[%clk 1:30:30]}
h6 {[%clk 1:30:30]} 39. f4 {[%clk 1:30:30]} b5 {[%clk 1:30:30]} 40. f5 {[%clk
1:30:30]} Qd8 {[%clk 1:30:30]} 41. f6 {[%clk 1:30:30]} g5 {[%clk 1:30:30]} 42.
Qe6 {[%clk 1:30:30]} Qd6 {[%clk 1:30:30]} 43. Qf5 {[%clk 1:30:30]} g4+ {[%clk
1:30:30]} 44. Qxg4 {[%clk 1:30:30]} 1-0

[Event "Irena Warakomska Memorial B"]
[Site "chessmanager.com"]
[Date "2018.08.01"]
[Round "1"]
[White "Pazdzior, Michal"]
[Black "Salah, Nadezhda"]
[Result "1/2-1/2"]
[Board "23"]
[WhiteElo "1656"]
[WhiteCountry "POL"]
[WhiteFideId "1135872"]
[WhiteEloChange "8"]
[BlackElo "2059"]
[BlackCountry "UKR"]
[BlackFideId "14139758"]
[BlackEloChange "-8"]

1. d4 {[%clk 1:30:30]} e6 {[%clk 1:30:30]} 2. c4 {[%clk 1:30:30]} f5 {[%clk
1:30:30]} 3. Nc3 {[%clk 1:30:30]} Nf6 {[%clk 1:30:30]} 4. Nf3 {[%clk 1:30:30]}
Be7 {[%clk 1:30:30]} 5. g3 {[%clk 1:30:30]} O-O {[%clk 1:30:30]} 6. Bg2 {[%clk
1:30:30]} d6 {[%clk 1:30:30]} 7. O-O {[%clk 1:30:30]} Qe8 {[%clk 1:30:30]} 8. Qd3
{[%clk 1:30:30]} Nc6 {[%clk 1:30:30]} 9. e4 {[%clk 1:30:30]} e5 {[%clk 1:30:30]}
10. d5 {[%clk 1:30:30]} Nb4 {[%clk 1:30:30]} 11. Qe2 {[%clk 1:30:30]} Qh5 {[%clk
1:30:30]} 12. Nd2 {[%clk 1:30:30]} Qxe2 {[%clk 1:30:30]} 13. Nxe2 {[%clk
1:30:30]} Nd3 {[%clk 1:30:30]} 14. b3 {[%clk 1:30:30]} Nxc1 {[%clk 1:30:30]} 15.
Raxc1 {[%clk 1:30:30]} fxe4 {[%clk 1:30:30]} 16. Nxe4 {[%clk 1:30:30]} Nxe4
{[%clk 1:30:30]} 17. Bxe4 {[%clk 1:30:30]} Bg5 {[%clk 1:30:30]} 18. Rc2 {[%clk
1:30:30]} Bd7 {[%clk 1:30:30]} 19. Nc3 {[%clk 1:30:30]} c6 {[%clk 1:30:30]} 20.
Bg2 {[%clk 1:30:30]} Bf5 {[%clk 1:30:30]} 21. Be4 {[%clk 1:30:30]} Bd7 {[%clk
1:30:30]} 22. Bg2 {[%clk 1:30:30]} Bd8 {[%clk 1:30:30]} 23. Rd1 {[%clk 1:30:30]}
Bc7 {[%clk 1:30:30]} 24. Ne4 {[%clk 1:30:30]} Bf5 {[%clk 1:30:30]} 25. dxc6
{[%clk 1:30:30]} bxc6 {[%clk 1:30:30]} 26. Rcd2 {[%clk 1:30:30]} Bg4 {[%clk
1:30:30]} 27. Rf1 {[%clk 1:30:30]} Rad8 {[%clk 1:30:30]} 28. Ng5 {[%clk 1:30:30]}
h6 {[%clk 1:30:30]} 29. Bh3 {[%clk 1:30:30]} hxg5 {[%clk 1:30:30]} 30. Bxg4
{[%clk 1:30:30]} Bb6 {[%clk 1:30:30]} 31. Rfd1 {[%clk 1:30:30]} Bc5 {[%clk
1:30:30]} 32. Kg2 {[%clk 1:30:30]} Rb8 {[%clk 1:30:30]} 33. Bf3 {[%clk 1:30:30]}
Rb6 {[%clk 1:30:30]} 34. Rh1 {[%clk 1:30:30]} Bb4 {[%clk 1:30:30]} 35. Rdd1
{[%clk 1:30:30]} Ra6 {[%clk 1:30:30]} 36. a4 {[%clk 1:30:30]} Bc5 {[%clk
1:30:30]} 37. Rd2 {[%clk 1:30:30]} Rb6 {[%clk 1:30:30]} 38. h4 {[%clk 1:30:30]}
g4 {[%clk 1:30:30]} 39. Bxg4 {[%clk 1:30:30]} Rxb3 {[%clk 1:30:30]} 40. Bd7
{[%clk 1:30:30]} Rb6 {[%clk 1:30:30]} 41. h5 {[%clk 1:30:30]} Kh7 {[%clk
1:30:30]} 42. Rh4 {[%clk 1:30:30]} Bd4 {[%clk 1:30:30]} 43. Rg4 {[%clk 1:30:30]}
Rf6 {[%clk 1:30:30]} 44. Be8 {[%clk 1:30:30]} Kh6 {[%clk 1:30:30]} 45. f3 {[%clk
1:30:30]} Rb4 {[%clk 1:30:30]} 46. Bxc6 {[%clk 1:30:30]} Rxc4 {[%clk 1:30:30]}
47. Bb5 {[%clk 1:30:30]} Rc1 {[%clk 1:30:30]} 48. Be2 {[%clk 1:30:30]} Ra1 {[%clk
1:30:30]} 49. Bb5 {[%clk 1:30:30]} Ra3 {[%clk 1:30:30]} 50. Bc6 {[%clk 1:30:30]}
g6 {[%clk 1:30:30]} 51. Rxg6+ {[%clk 1:30:30]} Rxg6 {[%clk 1:30:30]} 52. hxg6
{[%clk 1:30:30]} Kxg6 {[%clk 1:30:30]} 53. f4 {[%clk 1:30:30]} Kf5 {[%clk
1:30:30]} 54. fxe5 {[%clk 1:30:30]} dxe5 {[%clk 1:30:30]} 55. Re2 {[%clk
1:30:30]} Rc3 {[%clk 1:30:30]} 56. Bb5 {[%clk 1:30:30]} Kg4 {[%clk 1:30:30]} 57.
Re4+ {[%clk 1:30:30]} Kf5 {[%clk 1:30:30]} 58. Re2 {[%clk 1:30:30]} Ra3 {[%clk
1:30:30]} 59. Bd7+ {[%clk 1:30:30]} 1/2-1/2

[Event "Irena Warakomska Memorial B"]
[Site "chessmanager.com"]
[Date "2018.08.01"]
[Round "1"]
[White "Sapeta, Robert"]
[Black "Haliniak, Wojciech"]
[Result "1-0"]
[Board "24"]
[WhiteElo "1960"]
[WhiteCountry "POL"]
[WhiteFideId "1118676"]
[WhiteEloChange "3"]
[BlackElo "1679"]
[BlackCountry "POL"]
[BlackFideId "21838461"]
[BlackEloChange "-3"]

1. d4 {[%clk 1:30:30]} d5 {[%clk 1:30:30]} 2. Nc3 {[%clk 1:30:30]} Bf5 {[%clk
1:30:30]} 3. f3 {[%clk 1:30:30]} c5 {[%clk 1:30:30]} 4. e4 {[%clk 1:30:30]} dxe4
{[%clk 1:30:30]} 5. fxe4 {[%clk 1:30:30]} cxd4 {[%clk 1:30:30]} 6. exf5 {[%clk
1:30:30]} dxc3 {[%clk 1:30:30]} 7. Qxd8+ {[%clk 1:30:30]} Kxd8 {[%clk 1:30:30]}
8. bxc3 {[%clk 1:30:30]} g6 {[%clk 1:30:30]} 9. Bc4 {[%clk 1:30:30]} gxf5 {[%clk
1:30:30]} 10. Bxf7 {[%clk 1:30:30]} e5 {[%clk 1:30:30]} 11. Rb1 {[%clk 1:30:30]}
Kc7 {[%clk 1:30:30]} 12. Nf3 {[%clk 1:30:30]} Nc6 {[%clk 1:30:30]} 13. Ng5 {[%clk
1:30:30]} b6 {[%clk 1:30:30]} 14. O-O {[%clk 1:30:30]} f4 {[%clk 1:30:30]} 15. g3
{[%clk 1:30:30]} fxg3 {[%clk 1:30:30]} 16. hxg3 {[%clk 1:30:30]} Be7 {[%clk
1:30:30]} 17. Ne6+ {[%clk 1:30:30]} Kb7 {[%clk 1:30:30]} 18. Rd1 {[%clk 1:30:30]}
Nf6 {[%clk 1:30:30]} 19. Bg5 {[%clk 1:30:30]} Rac8 {[%clk 1:30:30]} 20. Bxf6
{[%clk 1:30:30]} Bxf6 {[%clk 1:30:30]} 21. Rd7+ {[%clk 1:30:30]} Kb8 {[%clk
1:30:30]} 22. Nc5 {[%clk 1:30:30]} Rhd8 {[%clk 1:30:30]} 23. Bd5 {[%clk 1:30:30]}
Bg5 {[%clk 1:30:30]} 24. Na6+ {[%clk 1:30:30]} Ka8 {[%clk 1:30:30]} 25. Rxd8
{[%clk 1:30:30]} Bxd8 {[%clk 1:30:30]} 26. Nb4 {[%clk 1:30:30]} Kb7 {[%clk
1:30:30]} 27. Rf1 {[%clk 1:30:30]} Rc7 {[%clk 1:30:30]} 28. Nxc6 {[%clk 1:30:30]}
Rxc6 {[%clk 1:30:30]} 29. Rf7+ {[%clk 1:30:30]} Bc7 {[%clk 1:30:30]} 30. Rf6
{[%clk 1:30:30]} 1-0

[Event "Irena Warakomska Memorial B"]
[Site "chessmanager.com"]
[Date "2018.08.01"]
[Round "1"]
[White "Choinska, Debora"]
[Black "Kaminski, Maciej"]
[Result "0-1"]
[Board "25"]
[WhiteElo "1555"]
[WhiteCountry "POL"]
[WhiteFideId "1185144"]
[WhiteEloChange "-2"]
[BlackElo "1919"]
[BlackCountry "POL"]
[BlackFideId "1175521"]
[BlackEloChange "2"]

1. e4 {[%clk 1:30:30]} c6 {[%clk 1:30:30]} 2. d4 {[%clk 1:30:30]} d5 {[%clk
1:30:30]} 3. Nc3 {[%clk 1:30:30]} dxe4 {[%clk 1:30:30]} 4. Nxe4 {[%clk 1:30:30]}
Bf5 {[%clk 1:30:30]} 5. Ng3 {[%clk 1:30:30]} Bg6 {[%clk 1:30:30]} 6. Bc4 {[%clk
1:30:30]} e6 {[%clk 1:30:30]} 7. N1e2 {[%clk 1:30:30]} Nf6 {[%clk 1:30:30]} 8.
Nf4 {[%clk 1:30:30]} Bd6 {[%clk 1:30:30]} 9. Bb3 {[%clk 1:30:30]} Qc7 {[%clk
1:30:30]} 10. Qf3 {[%clk 1:30:30]} Nbd7 {[%clk 1:30:30]} 11. O-O {[%clk 1:30:30]}
Nd5 {[%clk 1:30:30]} 12. Ngh5 {[%clk 1:30:30]} O-O {[%clk 1:30:30]} 13. c4 {[%clk
1:30:30]} Nxf4 {[%clk 1:30:30]} 14. Nxf4 {[%clk 1:30:30]} e5 {[%clk 1:30:30]} 15.
Nxg6 {[%clk 1:30:30]} hxg6 {[%clk 1:30:30]} 16. c5 {[%clk 1:30:30]} Be7 {[%clk
1:30:30]} 17. Qg3 {[%clk 1:30:30]} Bf6 {[%clk 1:30:30]} 18. Kh1 {[%clk 1:30:30]}
Rac8 {[%clk 1:30:30]} 19. dxe5 {[%clk 1:30:30]} Bxe5 {[%clk 1:30:30]} 20. Qxg6
{[%clk 1:30:30]} Nxc5 {[%clk 1:30:30]} 21. Qc2 {[%clk 1:30:30]} Nxb3 {[%clk
1:30:30]} 22. Qxb3 {[%clk 1:30:30]} Qb6 {[%clk 1:30:30]} 23. Qh3 {[%clk 1:30:30]}
Rcd8 {[%clk 1:30:30]} 24. f4 {[%clk 1:30:30]} Bf6 {[%clk 1:30:30]} 25. Rb1 {[%clk
1:30:30]} Qa6 {[%clk 1:30:30]} 26. Be3 {[%clk 1:30:30]} Qxa2 {[%clk 1:30:30]} 27.
Bc5 {[%clk 1:30:30]} Rfe8 {[%clk 1:30:30]} 28. Ba3 {[%clk 1:30:30]} Re2 {[%clk
1:30:30]} 29. Ra1 {[%clk 1:30:30]} Qc4 {[%clk 1:30:30]} 30. Rab1 {[%clk 1:30:30]}
Bxb2 {[%clk 1:30:30]} 31. Bxb2 {[%clk 1:30:30]} Rxb2 {[%clk 1:30:30]} 32. Rbd1
{[%clk 1:30:30]} Rbd2 {[%clk 1:30:30]} 33. Rc1 {[%clk 1:30:30]} Qxc1 {[%clk
1:30:30]} 34. Rxc1 {[%clk 1:30:30]} Rd1+ {[%clk 1:30:30]} 35. Rxd1 {[%clk
1:30:30]} Rxd1# {[%clk 1:30:30]} 0-1

[Event "Irena Warakomska Memorial B"]
[Site "chessmanager.com"]
[Date "2018.08.01"]
[Round "1"]
[White "Zianowicz, Dominik"]
[Black "Paszkowski, Krystian"]
[Result "1/2-1/2"]
[Board "26"]
[WhiteElo "1919"]
[WhiteCountry "POL"]
[WhiteFideId "21825645"]
[WhiteEloChange "-7"]
[BlackElo "1609"]
[BlackCountry "POL"]
[BlackFideId "21853002"]
[BlackEloChange "7"]

1. d4 {[%clk 1:30:30]} Nf6 {[%clk 1:30:30]} 2. Nf3 {[%clk 1:30:30]} e6 {[%clk
1:30:30]} 3. c4 {[%clk 1:30:30]} b6 {[%clk 1:30:30]} 4. a3 {[%clk 1:30:30]} Bb7
{[%clk 1:30:30]} 5. Nc3 {[%clk 1:30:30]} d5 {[%clk 1:30:30]} 6. Bg5 {[%clk
1:30:30]} Be7 {[%clk 1:30:30]} 7. Qc2 {[%clk 1:30:30]} O-O {[%clk 1:30:30]} 8. e3
{[%clk 1:30:30]} a6 {[%clk 1:30:30]} 9. cxd5 {[%clk 1:30:30]} Nxd5 {[%clk
1:30:30]} 10. Bxe7 {[%clk 1:30:30]} Qxe7 {[%clk 1:30:30]} 11. Bd3 {[%clk
1:30:30]} Nf6 {[%clk 1:30:30]} 12. O-O {[%clk 1:30:30]} Nbd7 {[%clk 1:30:30]} 13.
e4 {[%clk 1:30:30]} e5 {[%clk 1:30:30]} 14. d5 {[%clk 1:30:30]} Nc5 {[%clk
1:30:30]} 15. b4 {[%clk 1:30:30]} Nxd3 {[%clk 1:30:30]} 16. Qxd3 {[%clk 1:30:30]}
a5 {[%clk 1:30:30]} 17. Qc4 {[%clk 1:30:30]} Ne8 {[%clk 1:30:30]} 18. Rfe1 {[%clk
1:30:30]} Nd6 {[%clk 1:30:30]} 19. Qb3 {[%clk 1:30:30]} f6 {[%clk 1:30:30]} 20.
Nd2 {[%clk 1:30:30]} Kh8 {[%clk 1:30:30]} 21. b5 {[%clk 1:30:30]} Rae8 {[%clk
1:30:30]} 22. Nc4 {[%clk 1:30:30]} f5 {[%clk 1:30:30]} 23. exf5 {[%clk 1:30:30]}
Rxf5 {[%clk 1:30:30]} 24. Nxd6 {[%clk 1:30:30]} cxd6 {[%clk 1:30:30]} 25. Ne4
{[%clk 1:30:30]} Rff8 {[%clk 1:30:30]} 26. Red1 {[%clk 1:30:30]} Bc8 {[%clk
1:30:30]} 27. Qe3 {[%clk 1:30:30]} Bf5 {[%clk 1:30:30]} 28. Nd2 {[%clk 1:30:30]}
Rc8 {[%clk 1:30:30]} 29. Qxb6 {[%clk 1:30:30]} Rc5 {[%clk 1:30:30]} 30. Nb3
{[%clk 1:30:30]} Rc2 {[%clk 1:30:30]} 31. Qxa5 {[%clk 1:30:30]} Be4 {[%clk
1:30:30]} 32. Rd2 {[%clk 1:30:30]} Qg5 {[%clk 1:30:30]} 33. g3 {[%clk 1:30:30]}
Qf5 {[%clk 1:30:30]} 34. Rxc2 {[%clk 1:30:30]} Bxc2 {[%clk 1:30:30]} 35. Qd2
{[%clk 1:30:30]} Bxb3 {[%clk 1:30:30]} 36. a4 {[%clk 1:30:30]} Qf3 {[%clk
1:30:30]} 37. Ra3 {[%clk 1:30:30]} Qxd5 {[%clk 1:30:30]} 38. Qxd5 {[%clk
1:30:30]} Bxd5 {[%clk 1:30:30]} 39. Rd3 {[%clk 1:30:30]} Bf3 {[%clk 1:30:30]} 40.
a5 {[%clk 1:30:30]} e4 {[%clk 1:30:30]} 41. Rb3 {[%clk 1:30:30]} Rc8 {[%clk
1:30:30]} 42. Rb1 {[%clk 1:30:30]} Be2 {[%clk 1:30:30]} 43. a6 {[%clk 1:30:30]}
Ra8 {[%clk 1:30:30]} 44. Rb2 {[%clk 1:30:30]} Bd3 {[%clk 1:30:30]} 45. Kg2 {[%clk
1:30:30]} Kg8 {[%clk 1:30:30]} 46. Rb3 {[%clk 1:30:30]} Kf7 {[%clk 1:30:30]} 47.
f3 {[%clk 1:30:30]} d5 {[%clk 1:30:30]} 48. Kf2 {[%clk 1:30:30]} Ke6 {[%clk
1:30:30]} 49. fxe4 {[%clk 1:30:30]} dxe4 {[%clk 1:30:30]} 50. b6 {[%clk 1:30:30]}
Rf8+ {[%clk 1:30:30]} 51. Ke1 {[%clk 1:30:30]} Bxa6 {[%clk 1:30:30]} 52. b7
{[%clk 1:30:30]} Rf1+ {[%clk 1:30:30]} 53. Kd2 {[%clk 1:30:30]} Bxb7 {[%clk
1:30:30]} 54. Rxb7 {[%clk 1:30:30]} Rf2+ {[%clk 1:30:30]} 55. Ke3 {[%clk
1:30:30]} Rxh2 {[%clk 1:30:30]} 56. Rxg7 {[%clk 1:30:30]} Kf6 {[%clk 1:30:30]}
57. Rg8 {[%clk 1:30:30]} 1/2-1/2